000 00437nam a2200157Ia 4500
008 230312s9999||||xx |||||||||||||| ||und||
020 _a3-13-138281-8
082 _a615.82
_bDVO-M
100 _aDvorak;Jiri
245 0 _aMusculoskeletal Manual Medicine: Diagnosis and Treatment
260 _bGeorg Thieme Verlag
_aUSA
_c2008
300 _a788
546 _aEng.
650 _aPhysiotherapy
_vMusculoskeletal Manual Medicine
942 _cBK
999 _c9124
_d9124